Manual of Perinatal Infections (Record no. 249490)

MARC details
000 -LEADER
fixed length control field 00377pam a2200145a 44500
008 - FIXED-LENGTH DATA ELEMENTS--GENERAL INFORMATION
fixed length control field 230405s2005 xxu||||| |||| 00| 0 eng d
020 ## - INTERNATIONAL STANDARD BOOK NUMBER
International Standard Book Number 8180614727
Terms of availability Rs.163.12
082 ## - DEWEY DECIMAL CLASSIFICATION NUMBER
Classification number 618.2
Item number WAL
100 ## - MAIN ENTRY--PERSONAL NAME
Personal name Walvekar, Vandana
245 ## - TITLE STATEMENT
Title Manual of Perinatal Infections
260 ## - PUBLICATION, DISTRIBUTION, ETC.
Place of publication, distribution, etc. New Delhi
Name of publisher, distributor, etc. Jaypee Pub
Date of publication, distribution, etc. 2005
300 ## - PHYSICAL DESCRIPTION
Extent 194 p
700 ## - ADDED ENTRY--PERSONAL NAME
Personal name Jassawalla, MJ
906 ## - LOCAL DATA ELEMENT F, LDF (RLIN)
a 000720

No items available.